Sports Quiz

Random Sports or Baseball Quiz
Score 0/90 Timer 12:00
0 Plays Today
Position MVP Winner % Correct
AL - CFMike Trout (2014, 2016, 2019)
93.2%
AL - 3BAlex Rodriguez (2005, 2007)
92.3%
AL - SSAlex Rodriguez (2003)
92.3%
AL - CIvan Rodriguez (1999)
91.5%
NL - 1BAlbert Pujols (2005, 2008-09)
86.5%
AL - LFJosh Hamilton (2010)
86.3%
NL - LFBarry Bonds (1990, 1992-93, 2001-04)
86.1%
AL - CJoe Mauer (2009)
86%
AL - CFKen Griffey Jr. (1997)
85.3%
NL - 3BChipper Jones (1999)
84.1%
NL - PClayton Kershaw (2014)
83.1%
AL - 2BDustin Pedroia (2008)
82%
NL - 1BRyan Howard (2006)
81.4%
NL - LFRyan Braun (2011)
81.2%
AL - CElston Howard (1963)
80.9%
AL - PJustin Verlander (2011)
79.8%
NL - 1BJoey Votto (2010)
79.8%
NL - RFCody Bellinger (2019)
79.7%
NL - SSJimmy Rollins (2007)
79.1%
AL - SSCal Ripken (1983, 1991)
76.9%
AL - 1BJustin Morneau (2006)
76.8%
AL - CYogi Berra (1951, 1954-55)
75.9%
AL - RFIchiro Suzuki (2001)
75.6%
NL - CJohnny Bench (1970, 1972)
74.6%
NL - RFSammy Sosa (1998)
74.5%
NL - CFAndrew McCutchen (2013)
73.7%
AL - 3BJosh Donaldson (2015)
72.3%
AL - 3BGeorge Brett (1980)
72.3%
NL - 1BJeff Bagwell (1994)
71.8%
AL - 1BJason Giambi (2000)
70.8%
Position MVP Winner % Correct
AL - SSRobin Yount (1982)
70.4%
AL - CFRobin Yount (1989)
70.4%
NL - RFBryce Harper (2015)
69.1%
AL - 1BFrank Thomas (1993, 1994)
68.2%
NL - RFLarry Walker (1997)
67.4%
AL - CFMickey Mantle (1956-57, 1962)
67.1%
NL - 2BJeff Kent (2000)
67.1%
AL - PRoger Clemens (1986)
65.8%
AL - SSMiguel Tejada (2002)
65.3%
AL - RFVladimir Guerrero (2004)
64.6%
NL - CFWillie Mays (1954, 1965)
63.8%
NL - SSBarry Larkin (1995)
63.2%
NL - 2BRyne Sandberg (1984)
63.1%
AL - RFJuan Gonzalez (1996, 1998)
63.1%
NL - 3BMike Schmidt (1980-81, 1986)
62.7%
NL - PSandy Koufax (1963)
62.1%
NL - 2BJackie Robinson (1949)
61.2%
NL - PBob Gibson (1968)
61.2%
NL - LFKirk Gibson (1988)
61%
AL - PDennis Eckersley (1992)
60%
NL - 2BJoe Morgan (1975-76)
58.8%
AL - RFJose Canseco (1988)
57.6%
AL - 3BMiguel Cabrera (2012, 2013)
55.4%
AL - 1BDon Mattingly (1985)
55%
AL - LFRickey Henderson (1990)
54.9%
AL - CThurman Munson (1976)
54.7%
NL - 1BWillie Stargell (1979)
54%
AL - 1BMo Vaughn (1995)
51.8%
NL - CBuster Posey (2012)
50.6%
NL - SSErnie Banks (1958-59)
50.4%
Position MVP Winner % Correct
NL - 3BKen Caminiti (1996)
49.4%
AL - LFJim Rice (1978)
48.6%
AL - 3BHarmon Killebrew (1969)
45.6%
AL - LFGeorge Bell (1987)
45.3%
NL - CRoy Campanella (1951, 1953, 1955)
44.1%
NL - 1BKeith Hernandez (1979)
43.2%
AL - PWillie Hernandez (1984)
43.2%
NL - RFGiancarlo Stanton (2017)
42.4%
NL - CFDale Murphy (1982-83)
42.4%
NL - LFChristian Yelich (2018)
39.5%
NL - 3BTerry Pendleton (1991)
39.5%
NL - 3BKris Bryant (2016)
38.3%
AL - CFFred Lynn (1975)
38.2%
AL - PRollie Fingers (1981)
37.2%
NL - LFKevin Mitchell (1989)
35.2%
NL - CFWillie McGee (1985)
32.9%
AL - 2BNellie Fox (1959)
32.1%
AL - 2BJosé Altuve (2017)
29.7%
AL - RFMookie Betts (2018)
28.1%
AL - LFDon Baylor (1979)
20.8%
AL - 2BCharlie Gehringer (1937)
19.7%
NL - PDon Newcombe (1956)
19.3%
NL - SSMaury Wills (1962)
17.4%
NL - CGabby Hartnett (1935)
15.1%
AL - 2BJoe Gordon (1942)
14.5%
NL - SSDick Groat (1960)
13.1%
AL - SSZoilo Versalles (1965)
12.8%
NL - CErnie Lombardi (1938)
11.4%
NL - 2BFrankie Frisch (1931)
10.9%
NL - PJim Konstanty (1950)
6.8%

You're not logged in!

Compare scores with friends on all Sporcle quizzes.
OR
Log In

Sporcle TV

Today on Sporcle TV


Watch our educational content, quiz creation guides, and fun videos on Sporcle TV.

Show Comments

Extras

Top Quizzes Today


Score Distribution

Paid Content

Your Account Isn't Verified!

In order to create a playlist on Sporcle, you need to verify the email address you used during registration. Go to your Sporcle Settings to finish the process.

Report this User

Report this user for behavior that violates our Community Guidelines.

Details: